000 00761nam a2200217Ia 4500
003 GCL
008 140319s9999 xx 000 0 ara d
040 _aGCL /
_cGCL
082 0 4 _a678.63
_bع ص
100 1 _aعبدالكريم درويش
245 1 0 _aالصناعات الكيميائية التجارية المطاط والمنتجات المطاطية /
_cعبدالكريم درويش
260 _a[S.N] :
_bدار المعرفة ،
_c1993
300 _a173 ص
490 _aالصناعات الكيميائية التجارية
_v0
650 0 4 _aالمطاط
650 0 4 _aخواص
650 0 4 _aالمطاط الصناعى
650 0 4 _aالصناعات الكيميائية
650 0 4 _aالالياف الصناعية
942 _2ddc
_cBK
999 _c29416
_d29416